| 000 | 01022nam a22003377a 4500 | ||
|---|---|---|---|
| 003 | CHAP | ||
| 005 | 20220329143558.0 | ||
| 008 | 100623s1985 mx a r 00010 spa d | ||
| 010 | _a98795 | ||
| 011 | _a99767 | ||
| 020 | _a8425316421 | ||
| 035 | _a110453 | ||
| 040 | _cCHAP | ||
| 082 | 1 | 4 |
_a582.13 _bM72 |
| 100 | 1 |
_aMoggi, Guido _977269 |
|
| 245 | 1 | 0 |
_aGuía de flores de montaña _c/por Guido Moggi |
| 260 |
_aToledo, Esp. : _bGrijalbo, _c1985 |
||
| 300 |
_a382 p. : _bilus. |
||
| 490 | _aGuías de la naturaleza | ||
| 590 |
_aBATCH-UPD _b10 _c20130110 _lUCH01 _h1254 |
||
| 590 |
_aBATCH-UPD _b10 _c20130410 _lUCH01 _h0815 |
||
| 590 |
_aBATCH-UPD _b10 _c20130914 _lUCH01 _h1416 |
||
| 590 |
_aCONVERSION _b10 _c20130109 _lUCH01 _h1355 |
||
| 650 | 1 | 4 |
_aFlora alpina. _941317 |
| 650 | 1 | 4 |
_aFlores silvestres. _941744 |
| 650 | 1 | 4 |
_aFlores _xIdentificación. _941382 |
| 830 | 0 |
_aGuías de la naturaleza _951506 |
|
| 901 | _aBK | ||
| 942 | _cLIBRO | ||
| 949 |
_a582.13 M72 _bBC _cC _d33724002177785 _eC _gI.c/e _h112923 _i110453 _sb |
||
| 999 |
_c98795 _d98795 |
||